| 000 | 00882nam a22001697a 4500 | ||
|---|---|---|---|
| 003 | OSt | ||
| 005 | 20221011155907.0 | ||
| 008 | 221011b ||||| |||| 00| 0 eng d | ||
| 040 | _cAL | ||
| 041 | _aeng | ||
| 245 | _aIUP Journal of Accounting Research and Audit Practices | ||
| 260 |
_aHyderabad _bIUP Publications |
||
| 500 | _aIt is a quarterly journal that offers papers on Financial accounting, Management accounting, Accounting standards, Taxation, IT-accounting interface; R&D reporting biases and their consequences; Corporate disclosures and Standards of reporting reflecting better governance, Environmental accounting and reporting; Auditing research, Internal and external audits, Ethics in reporting, etc. | ||
| 650 |
_2Accounting _aAccounting; research; Audit _959429 |
||
| 856 | _ahttps://www.iupindia.in/AccountingResearch_AuditPractices.asp | ||
| 942 |
_2ddc _cPR _s1 |
||
| 999 |
_c224816 _d224816 |
||